00321nam a2200121Ia 4500008004100000041001200041082002100053100002000074245004600094260001600140300001300156650003000169231221s9999 xx 000 0 und d aEnglish a001.64404 ZUR;1 aZurada, Jacek M 0aIntroduction to artificial neural systems c1994bJaico axxiv+683 aArtificial Neural systems